MAGISTERIO Y CREACION LOS HENRIQUEZ UREÑA (Record no. 821)
[ view plain ]
| 000 -LEADER | |
|---|---|
| campo de control de longitud fija | 02074nam a22001937a 4500 |
| 001 - NÚMERO DE CONTROL | |
| campo de control | 3972 |
| 005 - FECHA Y HORA DE LA ÚLTIMA TRANSACCIÓN | |
| campo de control | 20250522045545.0 |
| 008 - DATOS DE LONGITUD FIJA--INFORMACIÓN GENERAL | |
| campo de control de longitud fija | 5230202003 dr |
| 020 ## - NÚMERO INTERNACIONAL ESTÁNDAR DEL LIBRO | |
| Número Internacional Estándar del Libro | 999-890-8-5 |
| 082 ## - NÚMERO DE LA CLASIFICACIÓN DECIMAL DEWEY | |
| Número de clasificación | 928.617293 R357m |
| 100 ## - ENTRADA PRINCIPAL--NOMBRE DE PERSONA | |
| Nombre de persona | RICARDO, YOLANDA |
| 245 ## - MENCIÓN DEL TÍTULO | |
| Título | MAGISTERIO Y CREACION LOS HENRIQUEZ UREÑA |
| Mención de responsabilidad, etc. | Yolanda Ricardo |
| 260 ## - PUBLICACIÓN, DISTRIBUCIÓN, ETC. | |
| Lugar de publicación, distribución, etc. | Santo Domingo : |
| Nombre del editor, distribuidor, etc. | EDITORA BUHO |
| 300 ## - DESCRIPCIÓN FÍSICA | |
| Extensión | 380p / 23cm |
| 500 ## - NOTA GENERAL | |
| Nota general | Incluye Breve Biografía de la Autora |
| 505 ## - NOTA DE CONTENIDO CON FORMATO | |
| Nota de contenido con formato | MAGISTERIO Y CREACIÓN. LOS HENRÍQUEZ UREÑA 11María Salomé Ureña Díaz 21Francisco Hilario Henríquez y Carvajal 35Pedro Nicolás Federico Henríquez Ureña 46Maximiliano Adolfo Henríquez Ureña (Max) 58Salomé Camila Herníquez Ureña 64Pedro, Max, Camila 75SELECCIÓN DE TEXTOS 81Salomé Ureña (1850-1897) 83La gloria del progreso 101Ruinas 104La fe en el porvenir 106Quejas 109Amor y anhelo 112Mi ofrenda a la Patria 114Angustias 118Mi Pedro 120FRANCISCO HILARIO HENRÍQUEZ Y CARVAJAL 127PEDRO NICOLÁS FEDERICO HENRÍQUEZ UREÑA (1884-1946) 151El despojo de los pueblos débiles 160La utopía de América 167Patria de la justicia 176El descontento y la promesa 182MAXIMILIANO ADOLFO HENRÍQUEZ UREÑA (1885-1968) 207Discurso de Max Henríquez en el acto de los traslados de los restos de Mariana Grajales Cuello, desde la Casa Consistorial al Cementerio de San Juan Ifigenia, Santiago de Cuba, 24 de abril 1923 216Hermano y maestro 225SALOMÉ CAMILA HENRÍQUEZ UREÑA (1894-1973) 265Mesa redonda sobre la enseñanza de la literatura 267Conservatorio con Camila (grabación) 281La peregrinación de Eugenio María de Hostos 300TEXTOS COMPLEMENTARIOS 327JOSÉ MARTÍ PÉREZ (1853-1895) 329A tres antillanos 332EUGENIO MARÍA DE HOSTOS (1839-1903) 341El testamento de Martí 343Máximo Gómez 345FEDERICO HENRÍQUEZ Y CARVAJAL (1848-1952) 353Tierra 355Oblación 357Martí 358El Apóstol 359Para entonces 360El caso dominicano 364La voz del nacionalismo 373Un mambí 376 |
| 650 ## - PUNTO DE ACCESO ADICIONAL DE MATERIA--TÉRMINO DE MATERIA | |
| Término de materia o nombre geográfico como elemento de entrada | 1.HENRIQUE UREÑA FAMILIA ENSAYOS CONFERENCIAS ETC |
| 650 ## - PUNTO DE ACCESO ADICIONAL DE MATERIA--TÉRMINO DE MATERIA | |
| Término de materia o nombre geográfico como elemento de entrada | 2.LITERATURA DOMINICANA ENSAYOS CONFERENCIAS ETC |
| Estatus retirado | Estado de pérdida | Estado de daño | No para préstamo | Colección | Biblioteca de origen | Biblioteca actual | Fecha de adquisición | Total de préstamos | Signatura topográfica completa | Código de barras | Visto por última vez | Copia número | Precio de reemplazo | Tipo de ítem Koha |
|---|---|---|---|---|---|---|---|---|---|---|---|---|---|---|
| Acervo general de Libros | Biblioteca Central Mons. Favio M. Rivas S. | Biblioteca Central Mons. Favio M. Rivas S. | 06/08/2013 | 928.617293 R357m | 000000001007 | 23/05/2025 | 1 | 23/05/2025 | Libros |
